000 00503nam a2200181 a 4500
001 33315
005 20180714001215.0
008 140415s1993 mx 000 0 spa d
020 _a9709166409
041 _aspa
082 _a231.3
_bFER
100 1 _aFERRIZ DE CEVALLOS, ALTAGRACIA
245 1 0 _aREVELACION DEL ESPIRITU SANTO EN EL NUEVO TESTAMENTO
250 _a1a ed.
260 _aMEXICO :
_bINSTITUTO DE PASTORAL BIBLICA,
_c1993
300 _a128
650 1 4 _aESPIRITU SANTO
999 _c33315
_d33315